Consultation on proposals to amend the Countryside and Rights of Way Act 2000 for coastal land (Record no. 110033)
[ view plain ]
| 000 -LEADER | |
|---|---|
| fixed length control field | 02039cad a22002535a 4500 |
| 001 - CONTROL NUMBER | |
| control field | L148408 |
| 008 - FIXED-LENGTH DATA ELEMENTS--GENERAL INFORMATION | |
| fixed length control field | 090915s2009 xxko f f000 0 eng d |
| 035 ## - SYSTEM CONTROL NUMBER | |
| System control number | (Sirsi) u148408 |
| 041 0# - LANGUAGE CODE | |
| Language code of text/sound track or separate title | eng |
| 050 04 - LIBRARY OF CONGRESS CALL NUMBER | |
| Classification number | 333.78 $2 18 |
| 110 2# - MAIN ENTRY--CORPORATE NAME | |
| Corporate name or jurisdiction name as entry element | United Kingdom |
| Subordinate unit | Department for Environment, Food and Rural Affairs |
| 245 00 - TITLE STATEMENT | |
| Title | Consultation on proposals to amend the Countryside and Rights of Way Act 2000 for coastal land |
| Medium | [electronic resource] |
| 260 ## - PUBLICATION, DISTRIBUTION, ETC. | |
| Place of publication, distribution, etc. | London |
| Name of publisher, distributor, etc. | DEFRA |
| Date of publication, distribution, etc. | 2009 |
| 505 2# - FORMATTED CONTENTS NOTE | |
| Formatted contents note | Executive summary -- How to respond -- Background -- Description of the coastal margin -- Proposed changes to the provisions for restrictions and exclusions -- Proposed changes to the categories of excepted land under Schedule 1 to the CROW Act -- Proposed changes to the general restrictions under Schedule 2 to the CROW Act -- Annex A: Categories of excepted land under Schedule 1 to the CROW Act -- Annex B: Guidelines on what is meant by the categories of excepted land -- Annex C: General restrictions under Schedule 2 to the CROW Act -- Annex D: Summary of consultation questions |
| 520 ## - SUMMARY, ETC. | |
| Summary, etc. | Consultation seeks views on the proposed amendment to the Countryside and Rights of Way Act 2000 (CROW Act) for coastal land. This amendment will ensure that coastal land is included in the description of land to which the public has access for open-air recreation in the CROW Act. Changes proposed also include modifications to: the provisions for restrictions and exclusions of access to coastal land; the categories of excepted land at Schedule 1; and the general restrictions to be observed by persons exercising the right of access at Schedule 2. |
| 520 ## - SUMMARY, ETC. | |
| Summary, etc. | Deadline for comments is 1 December 2009. |
| 521 ## - TARGET AUDIENCE NOTE | |
| Target audience note | Advanced |
| 590 ## - LOCAL NOTE (RLIN) | |
| Local note | KA NTK |
| 650 24 - SUBJECT ADDED ENTRY--TOPICAL TERM | |
| Topical term or geographic name entry element | COUNTRYSIDE AND RIGHTS OF WAY ACT 2000 |
| 651 #4 - SUBJECT ADDED ENTRY--GEOGRAPHIC NAME | |
| Geographic name | England and Wales |
| Chronological subdivision | 1543- |
| 690 ## - LOCAL SUBJECT ADDED ENTRY--TOPICAL TERM (OCLC, RLIN) | |
| Topical term or geographic name as entry element | Boundary disputes |
| 9 (RLIN) | 6221 |
| 856 40 - ELECTRONIC LOCATION AND ACCESS | |
| Uniform Resource Identifier | <a href="https://www.defra.gov.uk/corporate/consult/coastal-access/index.htm">https://www.defra.gov.uk/corporate/consult/coastal-access/index.htm</a> |
| Public note | View the consultation free of charge at www.defra.gov.uk... |
| 942 ## - ADDED ENTRY ELEMENTS (KOHA) | |
| Suppress in OPAC | 0 |
| Withdrawn status | Lost status | Source of classification or shelving scheme | Damaged status | Not for loan | Home library | Current library | Shelving location | Date acquired | Total Checkouts | Full call number | Barcode | Date last seen | Copy number | Price effective from | Koha item type |
|---|---|---|---|---|---|---|---|---|---|---|---|---|---|---|---|
| Dewey Decimal Classification | Virtual | Virtual | Online | 15/09/2009 | ONLINE PUBLICATION | 148408-2001 | 06/08/2019 | 1 | 06/08/2019 | Book |